Sistemas digitales : (Registro nro. 22431)
[ vista simple ]
| 000 -Cabecera | |
|---|---|
| Campo de control interno | 00944nam a2200229Ia 4500 |
| 005 - Fecha y hora del registro | |
| control field | 20260422101811.0 |
| 008 - Elementos de Longitud Fija | |
| fixed length control field | 260414t2017||||xx |||||||||||||| ||spa|| |
| 041 ## - Idioma | |
| Codigo Idioma | ESP |
| 082 ## - DEWEY y NOTACIÓN INTERNA | |
| Dewey | 621.381 |
| Notación Interna | T65 2017 |
| 100 ## - AUTOR | |
| Autor denominación | Tocci, Ronald J. |
| Término de relación | autor |
| 245 #0 - TÍTULO DE MATERIAL BIBLIOGRÁFICO | |
| Título | Sistemas digitales : |
| Título paralelo | principios y aplicaciones |
| 260 ## - CIUDAD, EDITORIAL, AÑO | |
| Año | 2017 |
| 300 ## - DESCRIPCIÓN | |
| N° Páginas | xviii, 859 páginas : |
| Dimensiones | 27 cm. |
| 650 ## - TEMAS | |
| Temas | Tecnología (Ciencias Aplicadas) |
| 654 ## - PROGRAMAS | |
| Programa | Dpto. de Ingeniería Electrónica y Telecomunicaciones |
| 856 ## - URL - UBICACIÓN | |
| URI/URL: Enlace exacto del recurso | <a href="https://itmsp.museknowledge.com/UCSP?url=https://www.ebooks7-24.com:443/?il=7393&pg=1">https://itmsp.museknowledge.com/UCSP?url=https://www.ebooks7-24.com:443/?il=7393&pg=1</a> |
| Nota pública: Versión digital | <a href="Versión digital">Versión digital</a> |
| 856 ## - URL - UBICACIÓN | |
| URI/URL: Enlace exacto del recurso | <a href="https://0u213xh5q-y-https-ebooks7--24-com.itmsp.museknowledge.com/biblioteca.aspx">https://0u213xh5q-y-https-ebooks7--24-com.itmsp.museknowledge.com/biblioteca.aspx</a> |
| Nota pública: Versión digital | <a href="Véase además: Base de datos Ebook7-24">Véase además: Base de datos Ebook7-24</a> |
| 856 ## - URL - UBICACIÓN | |
| URI/URL: Enlace exacto del recurso | <a href="https://0u206xh6x-y-https-ieeexplore-ieee-org.itmsp.museknowledge.com/Xplore/home.jsp">https://0u206xh6x-y-https-ieeexplore-ieee-org.itmsp.museknowledge.com/Xplore/home.jsp</a> |
| Nota pública: Versión digital | <a href="Véase además: Base de datos IEEE Xplore">Véase además: Base de datos IEEE Xplore</a> |
| 856 ## - URL - UBICACIÓN | |
| URI/URL: Enlace exacto del recurso | <a href="https://dl.acm.org/">https://dl.acm.org/</a> |
| Nota pública: Versión digital | <a href="Véase además: Base de datos ACM Digital Library">Véase además: Base de datos ACM Digital Library</a> |
| 942 ## - ELEMENTOS DE KOHA | |
| Tipo de documento | Libro |
| Nombre del creador | Justo Noguera |
| Código de catalogador | Justo Noguera |
| Esquema de clasificación | Dewey Decimal Classification |
| Codigo completo | Registro | Colección | Copia número | Disponibilidad | Tipo de préstamo | Biblioteca Actual | Procedencia (Biblioteca) | Ubicacón | Fecha Ingreso | Tipo de Adquisición | Date last seen | Total checkouts | Price effective from | Tipo de Item | Estado del Material | Damaged status | Withdrawn status |
|---|---|---|---|---|---|---|---|---|---|---|---|---|---|---|---|---|---|
| 621.381 T65 2017 | 1069041 | Universidad Católica San Pablo | 1 | Disponible | Disponible | Víctor Andrés Belaunde | Víctor Andrés Belaunde | Segundo piso | 14/04/2026 | Compra | 14/04/2026 | 14/04/2026 | Libro | Bueno |




